000 00613nam a2200229Ia 4500
005 20250425162756.0
008 250425s9999 xx 000 0 und d
020 _a0471610550
041 _aspa
082 _a620.0028
100 _aMCCRACKEN, DANIEL D.
245 0 _aCOMPUTING FOR ENGINEERS AND SCIENTISTS WITH FORTRAN 77
250 _a2ND ED.
260 _aEstados Unidos
_bJOHN WILEY
_c1988
260 _aNEW YORK
300 _a730
650 _aBASIC-LENGUAJES DE PROGRAMACION
650 _aFORTRAN (LENGUAJE DE PROGRAMACION)
700 _aSALMON, WILLIAM I.
942 _c01
010 _a108090
999 _c236203
_d236203